Prontuário ortográfico e guia da língua portuguesa (Registo nº 164)

Detalhes MARC
000 -Etiqueta do registo
Cabeçalho 01161cam a2200373 4500
005 - Identificador da versão
Campo de controlo 20240813121756.0
095 ## -
-- PTBN00964493
010 ## - Número internacional normalizado dos livros (ISBN)
Número (ISBN) 9724608409
021 ## - Número do Depósito Legal
Código do país PT
Número 114266/97
035 ## - Other System Control Numbers
System Control Number 0000173
System Control Number 0000173
System Control Number 0000173
System Control Number 0000168
100 ## - Dados gerais de processamento
Dados gerais de processamento 19970607d1997 m y0pory5003 ba
102 ## - Pais de publicação ou produção
País de publicação Portugal
101 0# - Língua de publicação
Língua do texto, banda sonora, etc. Português
106 ## - Campo de dados codificados: material textual
Dados codificados do material textual r
105 ## - Campo de dados codificados: livros
Dados codificados dos livros y z 001yy
215 ## - Descrição física 
Indicação específica da natureza do documento e extensão da espécie 369 p.
Dimensões 19 cm
200 1# - Titulo e menção de responsabilidade
Título próprio Prontuário ortográfico e guia da língua portuguesa
Primeira menção de responsabilidade Magnus Bergström, Neves Reis
Outras menções de responsabilidade actualização linguística Maria Henriqueta Costa Campos
-- coord. Maria Teresa Brocado... [et al.]
225 2# - Colecção 
Título próprio da colecção Linguística
205 ## - Menção da edição
Menção da edição 31ª ed. actualizada
210 ## - Publicação, Distribuição, etc. 
Lugar da edição, distribuição, etc. Lisboa
Nome do editor, distribuidor, etc. Notícias
Data da publicação, distribuição, etc. D.L. 1997
606 ## - Nome comum usado como assunto
Número de registo de entrada de autoridade 0000220
Palavra de ordem Língua portuguesa
Subdivisão de assunto Ortografia
-- [Prontuários]
675 ## - Classificação Decimal Universal (CDU)
Notação 811.134.3'35(083)
702 ## - Nome de autor-pessoa física (responsabilidade secundária)
Número de registo de entrada de autoridade 0000224
Palavra de ordem Brocardo
Outra parte do nome não tomada para palavra de ordem Maria Teresa
Código de função Editor literário / Coordenador
Número de registo de entrada de autoridade 0000225
Palavra de ordem Campos
Outra parte do nome não tomada para palavra de ordem Maria Henriqueta Costa
Código de função Autor / Co-autor
701 ## - Nome de autor-pessoa física (co-responsabilidade principal)
Palavra de ordem Reis
Outra parte do nome não tomada para palavra de ordem Neves
Datas 1890-?
Código de função Autor / Co-autor
700 ## - Nome de autor-pessoa física (responsabilidade principal)
Número de registo de entrada de autoridade 0000222
Palavra de ordem Bergström
Outra parte do nome não tomada para palavra de ordem Magnus
Datas 1890-1960
942 ## - Elementos de entrada adicionados (Koha)
Tipo de item no Koha Livro
Exemplares
Situação do levantamento Origin of item (home branch) (coded) Biblioteca de empréstimo Código de barras Cota Circulation type (not for loan) Tipo de documento Nota do exemplar Damaged status
  Biblioteca Escolar Eng. Nuno Mergulhão Biblioteca Escolar Eng. Nuno Mergulhão BENM527 811 BER   Livro Sem mensagem